| 000 | 003360000a22001450004500 | ||
|---|---|---|---|
| 003 | MACL | ||
| 040 | _aMACL | ||
| 090 |
_c45116 _d45114 |
||
| 100 | _aYadav, H. R | ||
| 245 | _avillage Development Planning | ||
| 260 |
_aNew Delhi _bLogos Press _c2009 |
||
| 350 | _a750/- | ||
| 690 | _aPublic Administration | ||
| 942 |
_cBOOK _k354.2793/ YAD |
||
| 999 |
_c44654 _d44654 |
||